000 00353nam a2200109Ia 4500
008 171204s9999 xx 000 0 und d
245 _aProgramming Projects in C for Students of Engineering, Science, and Mathematics:
245 _cRouben Rostamian
260 _c2014
650 _xProgramming 1-2
856 _uhttp://down.ebook777.com/060/161197349X.pdf
999 _c345958
_d345958